[Event "Bayern-chI Bank Hofmann 17th"]
[Site "Bad Wiessee"]
[Date "2013.10.28"]
[Round "4"]
[White "Eichhorn, Andreas"]
[Black "Gnegel, Boris Igor"]
[Result "1-0"]
[WhiteElo "2331"]
[BlackElo "2104"]
[PlyCount "69"]
[EventDate "2013.10.26"]
[EventType "swiss"]
[EventRounds "9"]
[EventCountry "GER"]
[SourceTitle "EXT 2014"]
[Source "ChessBase"]
[SourceDate "2013.11.20"]
[SourceVersion "1"]
[SourceVersionDate "2013.11.20"]
[SourceQuality "1"]

1. d4 Nc6 2. d5 Ne5 3. e4 e6 4. Be3 exd5 5. exd5 Nf6 6. Be2 Bb4+ 7. c3 Be7 8. Nf3 d6 9. c4 0-0 10. Nc3 Re8 11. Nd4 Bf8 12. h3 c5 13. dxc6 d5 14. c7 Qxc7 15. cxd5 Bd7 16. 0-0 Qa5 17. Nb3 Qb4 18. Qd4 b6 19. Rfd1 Rac8 20. Ba6 Rcd8 21. Rac1 Bc5 22. Nxc5 bxc5 23. Qxb4 cxb4 24. Nb5 Bf5 25. Nc7 Re7 26. Bxa7 Nxd5 27. Nxd5 Red7 28. Ne7+ Kf8 29. Rxd7 Bxd7 30. Bc5 Ke8 31. Re1 f6 32. f4 Ra8 33. fxe5 Rxa6 34. exf6 Kf7 35. Nd5 1-0

[Event "Landesliga Sued 1011"]
[Site "Bayern"]
[Date "2010.10.24"]
[Round "2.3"]
[White "Schnelzer, Reinhold"]
[Black "Gnegel, Boris Igor"]
[Result "1-0"]
[WhiteElo "2242"]
[BlackElo "2034"]
[PlyCount "95"]
[EventDate "2010.10.10"]
[EventType "team-tourn"]
[EventRounds "9"]
[EventCountry "GER"]
[SourceTitle "EXT 2012"]
[Source "ChessBase"]
[SourceDate "2011.11.24"]
[SourceVersion "1"]
[SourceVersionDate "2011.11.24"]
[SourceQuality "1"]
[WhiteTeam "Haunstetten"]
[BlackTeam "Tegernsee"]
[WhiteTeamCountry "GER"]
[BlackTeamCountry "GER"]

1. Nf3 d5 2. d4 Nf6 3. c4 g6 4. g3 c6 5. cxd5 cxd5 6. Bg2 Bg7 7. Nc3 0-0 8. Ne5 Nc6 9. 0-0 e6 10. Nxc6 bxc6 11. Bf4 Nh5 12. Be3 f5 13. f4 Nf6 14. Na4 Rb8 15. b3 Nd7 16. Rc1 Bb7 17. Rc2 Qe7 18. Nc5 Nxc5 19. Rxc5 Rfc8 20. Ra5 Qb4 21. Ra4 Qb6 22. Qd2 Ba6 23. Kf2 Bb5 24. Ra5 Bf8 25. a3 c5 26. a4 Ba6 27. dxc5 Bxc5 28. Rxc5 Rxc5 29. b4 d4 30. bxc5 dxe3+ 31. Qxe3 Qb3 32. Qxb3 Rxb3 33. Rd1 Ra3 34. Rd8+ Kf7 35. Rd7+ Kf6 36. Rxh7 Rxa4 37. Rxa7 Bb5 38. Rxa4 Bxa4 39. e4 Ke7 40. exf5 exf5 41. Ke3 Bd7 42. Kd4 Bc8 43. Ke5 Ba6 44. Bf3 Bc4 45. h4 Be6 46. h5 gxh5 47. Bxh5 Bd7 48. Bg6 1-0

[Event "Landesliga Sued 0910"]
[Site "Bayern"]
[Date "2010.04.11"]
[Round "9.4"]
[White "Straub, Juergen"]
[Black "Gnegel, Boris Igor"]
[Result "1-0"]
[WhiteElo "2142"]
[BlackElo "2033"]
[PlyCount "95"]
[EventDate "2009.10.18"]
[EventType "team-tourn"]
[EventRounds "9"]
[EventCountry "GER"]
[SourceTitle "EXT 2011"]
[Source "ChessBase"]
[SourceDate "2010.11.26"]
[SourceVersion "1"]
[SourceVersionDate "2010.11.26"]
[SourceQuality "1"]
[WhiteTeam "Ingolstadt"]
[BlackTeam "Tegernsee"]
[WhiteTeamCountry "GER"]
[BlackTeamCountry "GER"]

1. e4 c5 2. Nf3 d6 3. d4 cxd4 4. Nxd4 Nf6 5. Nc3 a6 6. g3 e5 7. Nde2 Be7 8. Bg2 0-0 9. 0-0 Nc6 10. h3 Be6 11. Be3 Qa5 12. Nd5 Bxd5 13. exd5 Nb8 14. a4 Nbd7 15. b3 Rfc8 16. g4 Bf8 17. c4 g6 18. Ng3 Bg7 19. h4 Ne8 20. h5 Qd8 21. hxg6 hxg6 22. Be4 b5 23. cxb5 axb5 24. g5 bxa4 25. bxa4 Rc3 26. a5 Rxe3 27. fxe3 Qxg5 28. Qf3 f5 29. Ra2 Nef6 30. Bb1 e4 31. Qf4 Qxf4 32. exf4 Ng4 33. Ne2 Kf7 34. Bc2 Nc5 35. Rb1 Ke7 36. Rb6 Ne3 37. Bb3 Bf6 38. a6 g5 39. Ra5 Nxb3 40. Rxb3 gxf4 41. Rb7+ Ke8 42. a7 f3 43. Rb8+ Kd7 44. Rxa8 Bh4 45. Ra1 f2+ 46. Kh1 f1Q+ 47. Rxf1 Nxf1 48. Rh8 1-0

[Event "Landesliga Sued 0910"]
[Site "Bayern"]
[Date "2009.11.29"]
[Round "3.3"]
[White "Gnegel, Boris Igor"]
[Black "Krulich, Roman"]
[Result "1-0"]
[WhiteElo "2033"]
[BlackElo "2170"]
[PlyCount "79"]
[EventDate "2009.10.18"]
[EventType "team-tourn"]
[EventRounds "9"]
[EventCountry "GER"]
[SourceTitle "EXT 2011"]
[Source "ChessBase"]
[SourceDate "2010.11.26"]
[SourceVersion "1"]
[SourceVersionDate "2010.11.26"]
[SourceQuality "1"]
[WhiteTeam "Tegernsee"]
[BlackTeam "Muenchen Zugzwang"]
[WhiteTeamCountry "GER"]
[BlackTeamCountry "GER"]

1. Nf3 d5 2. c4 c6 3. cxd5 cxd5 4. g3 Nf6 5. Bg2 g6 6. b4 Bg7 7. Bb2 0-0 8. 0-0 Nbd7 9. d3 a5 10. bxa5 Rxa5 11. Nbd2 Qb6 12. Nb3 Ra6 13. Bd4 Qd6 14. Qc2 e5 15. Bb2 Rc6 16. Qd2 b6 17. Rfc1 Bb7 18. Rxc6 Bxc6 19. Rc1 Bb7 20. a3 d4 21. Qb4 Qb8 22. Nfd2 Bxg2 23. Kxg2 Rc8 24. Rxc8+ Qxc8 25. Qc4 Qb7+ 26. Kg1 h5 27. Qb5 h4 28. Na5 Qa8 29. Nc6 Qe8 30. Nb4 Qe6 31. Qc6 Qg4 32. Qf3 Qe6 33. gxh4 Bf8 34. Nf1 Bxb4 35. axb4 Qb3 36. Bc1 Qxb4 37. Bg5 Kg7 38. Ng3 Qd6 39. h5 gxh5 40. Nf5+ 1-0

[Event "Landesliga Sued 0910"]
[Site "Bayern"]
[Date "2009.11.15"]
[Round "2.4"]
[White "Gnegel, Boris Igor"]
[Black "Bensch, Patrick"]
[Result "0-1"]
[WhiteElo "2033"]
[BlackElo "2174"]
[PlyCount "64"]
[EventDate "2009.10.18"]
[EventType "team-tourn"]
[EventRounds "9"]
[EventCountry "GER"]
[SourceTitle "EXT 2011"]
[Source "ChessBase"]
[SourceDate "2010.11.26"]
[SourceVersion "1"]
[SourceVersionDate "2010.11.26"]
[SourceQuality "1"]
[WhiteTeam "Tegernsee"]
[BlackTeam "Rottal"]
[WhiteTeamCountry "GER"]
[BlackTeamCountry "GER"]

1. d4 Nf6 2. c4 g6 3. Nc3 d5 4. Bg5 Ne4 5. Bh4 Nxc3 6. bxc3 dxc4 7. e3 Be6 8. Nf3 Bg7 9. Ng5 Bd5 10. e4 h6 11. exd5 hxg5 12. Qa4+ Qd7 13. Qxd7+ Nxd7 14. Bxg5 Nb6 15. Rb1 0-0-0 16. Rxb6 axb6 17. Bxc4 b5 18. Bb3 Bh6 19. Bxh6 Rxh6 20. 0-0 Rdh8 21. h3 g5 22. f3 Kd8 23. Re1 Rh4 24. Kf2 b4 25. Ke3 bxc3 26. Rc1 f5 27. Rxc3 g4 28. hxg4 fxg4 29. f4 Rh3+ 30. gxh3 Rxh3+ 31. Kd2 Rxc3 32. Kxc3 g3 0-1

[Event "Landesliga Sued 0809"]
[Site "Bayern"]
[Date "2009.03.29"]
[Round "9.4"]
[White "Gnegel, Boris Igor"]
[Black "Bonacci, Mauro"]
[Result "0-1"]
[WhiteElo "2043"]
[BlackElo "2127"]
[PlyCount "72"]
[EventDate "2008.10.05"]
[EventType "team-tourn"]
[EventRounds "9"]
[EventCountry "GER"]
[SourceTitle "EXT 2020"]
[Source "ChessBase"]
[SourceDate "2019.10.17"]
[SourceVersion "1"]
[SourceVersionDate "2019.10.17"]
[SourceQuality "1"]
[WhiteTeam "Tegernsee II"]
[BlackTeam "Muenchen Zugzwang"]
[WhiteTeamCountry "GER"]
[BlackTeamCountry "GER"]

1. e4 c5 2. d4 cxd4 3. c3 dxc3 4. Nxc3 d6 5. Bc4 e6 6. Nf3 a6 7. 0-0 b5 8. Bb3 Bb7 9. a3 Nd7 10. Qe2 Be7 11. Rd1 Ngf6 12. Ba2 0-0 13. h3 Rc8 14. Bf4 Rxc3 15. bxc3 Nxe4 16. Rac1 d5 17. a4 Qa5 18. axb5 Bc5 19. Be3 Bxe3 20. fxe3 axb5 21. c4 bxc4 22. Bxc4 Ndc5 23. Bd3 Ng3 24. Qe1 Qxe1+ 25. Nxe1 Nxd3 26. Nxd3 Ne2+ 27. Kf2 Nxc1 28. Nc5 Na2 29. Nxb7 Nc3 30. Rc1 Ne4+ 31. Ke2 h5 32. Rc7 Ra8 33. Rd7 Ra2+ 34. Kf1 Ng3+ 35. Ke1 Re2+ 36. Kd1 Rxg2 0-1

[Event "Landesliga Sued 0708"]
[Site "Bayern"]
[Date "2008.02.17"]
[Round "6.4"]
[White "Lochte, Thomas"]
[Black "Gnegel, Boris Igor"]
[Result "0-1"]
[WhiteElo "2135"]
[BlackElo "2032"]
[PlyCount "67"]
[EventDate "2007.10.21"]
[EventType "team-tourn"]
[EventRounds "9"]
[EventCountry "GER"]
[SourceTitle "EXT 2009"]
[Source "ChessBase"]
[SourceDate "2008.11.26"]
[SourceVersion "1"]
[SourceVersionDate "2008.11.26"]
[SourceQuality "1"]
[WhiteTeam "Weilheim"]
[BlackTeam "Tegernsee II"]
[WhiteTeamCountry "GER"]
[BlackTeamCountry "GER"]

1. e4 c5 2. d4 cxd4 3. c3 dxc3 4. Nxc3 d6 5. Bc4 Nc6 6. Nf3 e6 7. 0-0 Be7 8. Qe2 a6 9. Rd1 Qc7 10. Bf4 Nf6 11. Rac1 0-0 12. e5 Ne8 13. exd6 Bxd6 14. Rxd6 Nxd6 15. Ne4 e5 16. Nxe5 Nxc4 17. Rxc4 Be6 18. Rc3 Qa5 19. Nxc6 bxc6 20. Bd6 Qxa2 21. f4 Rfe8 22. Rg3 Qb1+ 23. Kf2 Bc4 24. Nf6+ Kh8 25. Nxe8 Bxe2 26. Nxg7 Qf1+ 27. Ke3 Bd3 28. Be5 Qe2+ 29. Kd4 Rd8+ 30. Kc5 Qf2+ 31. Kxc6 Bb5+ 32. Kb7 Rd7+ 33. Bc7 Qxf4 34. Ne8 0-1

[Event "Landesliga Sued 0708"]
[Site "Bayern"]
[Date "2008.01.20"]
[Round "5.4"]
[White "Billing, Christian"]
[Black "Gnegel, Boris Igor"]
[Result "0-1"]
[WhiteElo "2113"]
[BlackElo "2032"]
[PlyCount "72"]
[EventDate "2007.10.21"]
[EventType "team-tourn"]
[EventRounds "9"]
[EventCountry "GER"]
[SourceTitle "EXT 2009"]
[Source "ChessBase"]
[SourceDate "2008.11.26"]
[SourceVersion "1"]
[SourceVersionDate "2008.11.26"]
[SourceQuality "1"]
[WhiteTeam "Dillingen"]
[BlackTeam "Tegernsee II"]
[WhiteTeamCountry "GER"]
[BlackTeamCountry "GER"]

1. e4 Nf6 2. e5 Ng8 3. d4 d5 4. Bd3 c5 5. c3 Nc6 6. Ne2 Bg4 7. f3 Bh5 8. Nf4 Bg6 9. Bxg6 hxg6 10. e6 g5 11. exf7+ Kxf7 12. Ne2 e6 13. Be3 g4 14. Nd2 cxd4 15. cxd4 Bd6 16. f4 Nge7 17. Ng3 Nf5 18. Nxf5 exf5 19. Qb3 Qe7 20. Qxd5+ Kg6 21. 0-0-0 Nb4 22. Qb3 a5 23. a4 b5 24. Bf2 bxa4 25. Qe3 Qf7 26. d5 Bxf4 27. Qb6+ Kh7 28. Qd4 Be5 29. Nf3 Bxd4 30. Ng5+ Kg6 31. Nxf7 Rhc8+ 32. Kb1 Bxf2 33. Ne5+ Kf6 34. Nd7+ Ke7 35. Rhf1 Kxd7 36. Rxf2 g3 0-1

[Event "Landesliga Sued 0708"]
[Site "Bayern"]
[Date "2007.12.09"]
[Round "4.5"]
[White "Wiegner, Denis"]
[Black "Gnegel, Boris Igor"]
[Result "1-0"]
[WhiteElo "2187"]
[BlackElo "2032"]
[PlyCount "121"]
[EventDate "2007.10.21"]
[EventType "team-tourn"]
[EventRounds "9"]
[EventCountry "GER"]
[SourceTitle "EXT 2009"]
[Source "ChessBase"]
[SourceDate "2008.11.26"]
[SourceVersion "1"]
[SourceVersionDate "2008.11.26"]
[SourceQuality "1"]
[WhiteTeam "Garching"]
[BlackTeam "Tegernsee II"]
[WhiteTeamCountry "GER"]
[BlackTeamCountry "GER"]

1. Nf3 Nf6 2. d4 g6 3. e3 Bg7 4. b3 0-0 5. Bb2 b6 6. Bd3 Bb7 7. Nc3 d5 8. Qe2 c5 9. 0-0-0 Nc6 10. dxc5 bxc5 11. Na4 Qa5 12. Qe1 c4 13. Be2 Ne4 14. Qxa5 Nxa5 15. Rhf1 Bxb2+ 16. Kxb2 Rfc8 17. Nd4 Nc6 18. f3 Nxd4 19. exd4 Nd6 20. Nc5 Bc6 21. f4 Bb5 22. c3 a5 23. Rfe1 e6 24. Ra1 Rab8 25. Kc2 Nb7 26. b4 Nxc5 27. bxc5 a4 28. Rab1 Rb7 29. Rb4 Rcb8 30. Reb1 a3 31. Kd2 Bc6 32. Bd1 Rxb4 33. cxb4 Bb5 34. Kc3 Kg7 35. Bc2 f5 36. Re1 Kf6 37. Re3 h5 38. Kd2 Ra8 39. h3 h4 40. g3 hxg3 41. Rxg3 Kf7 42. h4 Be8 43. Bd1 Kf6 44. Kc3 Ra7 45. b5 Bxb5 46. Kb4 Rb7 47. Rxa3 Bc6+ 48. Kc3 Ke7 49. Ra6 Bb5 50. Ra8 e5 51. fxe5 f4 52. Bf3 Bc6 53. Rg8 Kf7 54. Rc8 Ra7 55. Kb2 c3+ 56. Kxc3 Ra3+ 57. Kb4 Ra4+ 58. Kb3 Rxd4 59. Rxc6 Rd3+ 60. Kb4 Rxf3 61. Rf6+ 1-0

[Event "Regionalliga SO 0607"]
[Site "Bayern"]
[Date "2007.04.01"]
[Round "8.3"]
[White "Gil, Arthur"]
[Black "Gnegel, Boris Igor"]
[Result "0-1"]
[WhiteElo "1971"]
[BlackElo "2016"]
[PlyCount "86"]
[EventDate "2006.10.15"]
[EventType "team-tourn"]
[EventRounds "9"]
[EventCountry "GER"]
[SourceTitle "EXT 2008"]
[Source "ChessBase"]
[SourceDate "2007.11.25"]
[SourceVersion "1"]
[SourceVersionDate "2007.11.25"]
[SourceQuality "1"]
[WhiteTeam "Ebersberg"]
[BlackTeam "Tegernsee II"]
[WhiteTeamCountry "GER"]
[BlackTeamCountry "GER"]

1. e4 c5 2. Nf3 d6 3. d4 cxd4 4. Nxd4 Nf6 5. Nc3 a6 6. f3 e5 7. Nb3 Be6 8. Be3 d5 9. exd5 Nxd5 10. Nxd5 Qxd5 11. Qxd5 Bxd5 12. 0-0-0 Bxb3 13. axb3 Be7 14. Bc4 0-0 15. Bd5 Nc6 16. Bxc6 bxc6 17. Rd7 Rfe8 18. Rhd1 e4 19. fxe4 Bf6 20. R1d6 Be5 21. Rxc6 Bxh2 22. Kd2 Rxe4 23. Rxa6 Rae8 24. Bd4 h5 25. Kd3 Rg4 26. Raa7 f6 27. b4 Rxg2 28. b5 h4 29. b6 Bb8 30. Ra1 h3 31. Rd5 Rg5 32. Kc4 h2 33. b7 Rxd5 34. Kxd5 Kf7 35. c4 Re7 36. Kc6 Rc7+ 37. Kd5 Rxb7 38. c5 Bg3 39. c6 Rb5+ 40. Ke4 Rh5 41. Rh1 Ke6 42. Kf3 Bc7 43. Bf2 Kd5 0-1

[Event "Regionalliga SO 0607"]
[Site "Bayern"]
[Date "2007.02.25"]
[Round "6.4"]
[White "Gnegel, Boris Igor"]
[Black "Moser, Wolfgang"]
[Result "1/2-1/2"]
[WhiteElo "2016"]
[BlackElo "2039"]
[PlyCount "47"]
[EventDate "2006.10.15"]
[EventType "team-tourn"]
[EventRounds "9"]
[EventCountry "GER"]
[SourceTitle "EXT 2008"]
[Source "ChessBase"]
[SourceDate "2007.11.25"]
[SourceVersion "1"]
[SourceVersionDate "2007.11.25"]
[SourceQuality "1"]
[WhiteTeam "Tegernsee II"]
[BlackTeam "Trostberg"]
[WhiteTeamCountry "GER"]
[BlackTeamCountry "GER"]

1. d4 Nf6 2. c4 e6 3. Nc3 b6 4. Nf3 Bb7 5. e3 Bb4 6. Bd2 0-0 7. Be2 Bxc3 8. Bxc3 Ne4 9. 0-0 d6 10. Qc2 Nd7 11. b4 f5 12. Rac1 Nxc3 13. Qxc3 a5 14. c5 Bd5 15. a3 axb4 16. axb4 Nf6 17. Nd2 Ra7 18. f3 Qa8 19. Ra1 bxc5 20. bxc5 Rb8 21. Rxa7 Qxa7 22. Ra1 Qb7 23. cxd6 cxd6 24. Rb1 1/2-1/2